Industrial microbiology (Record no. 1352)
[ view plain ]
| 000 -LEADER | |
|---|---|
| fixed length control field | 00305cam a2200121ua 4500 |
| 082 ## - DEWEY DECIMAL CLASSIFICATION NUMBER | |
| Classification number | 660.62 |
| Item number | CAS/IN |
| 100 ## - MAIN ENTRY--AUTHOR NAME | |
| Personal name | Casida, L E . |
| 245 ## - TITLE STATEMENT | |
| Title | Industrial microbiology |
| 250 ## - EDITION STATEMENT | |
| Edition statement | 1 / |
| 260 ## - PUBLICATION, DISTRIBUTION, ETC. (IMPRINT) | |
| Place of publication | New Delhi : |
| Name of publisher | New age international (p) Limited Publishers , |
| Year of publication | 1997. |
| 300 ## - PHYSICAL DESCRIPTION | |
| Number of Pages | 460 ; . |
| 942 ## - ADDED ENTRY ELEMENTS (KOHA) | |
| Koha item type | Books |
| Withdrawn status | Lost status | Damaged status | Home library | Current library | Date acquired | Full call number | Accession Number | Koha item type |
|---|---|---|---|---|---|---|---|---|
| KAUAET | KAUAET | 07/04/2012 | 660.62 | 19925 | Books |
